MARC details
| 000 -LÍDER |
| campo de controle de tamanho fixo |
00964 a2200241 4500 |
| 001 - NÚMERO DE CONTROLE |
| campo de controle |
110497 |
| 020 ## - ISBN - INTERNATIONAL STANDARD BOOK NUMBER |
| ISBN - International Standard Book Number |
9788574120362 |
| 041 ## - CÓDIGO DE IDIOMA |
| Código do idioma do texto/trilha sonora ou título diferente |
por |
| 082 ## - CDD - CLASSIFICAÇÃO DECIMAL DE DEWEY |
| Número de Classificação |
028.5 |
| 040 ## - FONTE DA CATALOGAÇÃO |
| Instituição da catalogação original |
BR-BrIDEA |
| Instituição que transcreveu o registro |
BR-BrIDEA |
| 090 ## - NÚMERO DE CHAMADA LOCAL |
| Número de chamada (OCLC) (R); Número de chamada, CALL (RLIN) (NR) |
P Year 4 028 |
| Número Cutter local (OCLC); Número de classificação do livro, CALL (RLIN) |
HAR |
| 100 ## - ENTRADA PRINCIPAL--NOME PESSOAL |
| Nome pessoal |
Harrison, Troon. |
| 245 10 - TÍTULO |
| Título |
O apanhador de sonhos |
| Indicação de responsabilidade, etc. |
Troon Harrison; ilustrações de Ala, Lea Daniel; tradução de Gilda Aquino |
| 260 ## - PUBLICAÇÃO, DISTRIBUIÇÃO, ETC. |
| Local de publicação, distribuição, etc. |
São Paulo |
| Nome do editor, distribuidor, etc. |
Brinque Book |
| Data da publicação, distribuição, etc. |
1999 |
| 300 ## - DESCRIÇÃO FÍSICA |
| Extensão |
32 p. |
| 520 ## - NOTA DE RESUMO, ETC |
| Resumo, etc. |
Era uma vez um garoto chamado Zacarias que queria porque queria ganhar um cachorro peludão com olhos da cor de chocolate. E tanto queria, que vivia sonhando com o tal cachorro, até que, numa noite, acordou e lá fora encontrou o Apanhador de Sonhos. Daí Daí, rola a história. |
| 521 ## - NOTA DO PÚBLICO ALVO |
| Nota de público alvo |
Year 4 |
| 697 ## - ENTRADA DE ASSUNTO LOCAL--ENTIDADE COLETIVA (RLIN) |
| Nome corporativo ou nome da jurisdição |
Fantasia. |
| 697 ## - ENTRADA DE ASSUNTO LOCAL--ENTIDADE COLETIVA (RLIN) |
| Nome corporativo ou nome da jurisdição |
Literatura infanto-juvenil |
| 700 ## - ENTRADA ADICIONADA - NOME PESSOAL |
| Nome pessoal |
Aquino, Gilda |
| Função do autor por extenso |
tradutor |
| Nome pessoal |
Alan |
| Função do autor por extenso |
ilustrador |
| Nome pessoal |
Daniel, Lea |
| Função do autor por extenso |
ilustrador |
| 856 ## - LOCALIZAÇÃO ELETRÔNICA E ACESSO |
| Uniform Resource Identifier |
<a href="000019/000019f4.jpg">000019/000019f4.jpg</a> |
| 942 ## - ELEMENTOS DE ENTRADA ADICIONADOS (KOHA) |
| Tipo de material Koha |
Livros |